Možnosti zvyšovania konkurencieschopnosti mliečnych produktov podniku

Na minha lista:
Detalhes bibliográficos
Autor principal: Pružinský, Michal, 1952-
Outros Autores: Mihalčová, Bohuslava, 1963-
Formato: Capítulo de Livro
Idioma:eslovaco
inglês
Tags: Adicionar Tag
Sem tags, seja o primeiro a adicionar uma tag!

MARC

LEADER 00000nla a2200000 4500
001 0209096
005 20240502073455.3
041 0 |a slo 
041 0 |a eng 
044 |a SK 
245 1 0 |a Možnosti zvyšovania konkurencieschopnosti mliečnych produktov podniku  |c Michal Pružinský, Bohuslava Mihalčová 
500 |a Abstrakt 
100 1 |a Pružinský, Michal, 1952- 
700 1 |a Mihalčová, Bohuslava, 1963-